Sopan & anggun : Pelbagai gaya bertudung

Bibliographic Details
Main Author: Yasmin Siddik
Format: Book
Published: Kuala Lumpur : Utusan Publications & Distributors Sdn Bhd , 2006
Subjects:

MARC

LEADER 00000cam a2200000 7i4500
001 0000066335
005 20160922.0
008 160921
020 |a 9676115908 
090 0 0 |a 646.48   |b YAS 
100 1 |a Yasmin Siddik 
245 1 0 |a Sopan & anggun :   |b Pelbagai gaya bertudung   |c Yasmin Siddik 
260 |a Kuala Lumpur :   |b Utusan Publications & Distributors Sdn Bhd ,   |c 2006 
300 |a 111p. :   |b col.ill 
650 0 |a Dress accessories 
650 0 |a Scarves 
999 |a 0000933663   |b Book   |c Adult Collection   |e Cawangan Tangkak 
999 |a 0000933664   |b Book   |c Adult Collection   |e Cawangan Tangkak 
999 |a 0000933665   |b Book   |c Adult Collection   |e Cawangan Tangkak